| 000 | 00403nam a22001457a 4500 | ||
|---|---|---|---|
| 005 | 20251129152103.0 | ||
| 008 | 251129b |||||||| |||| 00| 0 eng d | ||
| 020 | _a9780072881806 | ||
| 050 |
_aTA355 _b.M43 |
||
| 100 | _aMeirovitch, Leonard | ||
| 245 |
_aFundamentals of Vibrations _cLeonard Meirovitch |
||
| 260 |
_aBoston _bMcGraw Hill _c2001 |
||
| 300 |
_axviii. 806p. _bill. _c24cm |
||
| 942 |
_2lcc _cBK _n0 |
||
| 999 |
_c8452 _d8452 |
||